Statistics for 80s Songs #1

Click here to take the quiz!

General Stats

  • This quiz has been taken 88 times
  • The average score is 3 of 15

Answer Stats

HintAnswer% Correct
Looking like a true survivor, feeling like a little kidI'm Still Standing
71%
Sometimes when I play that old six-stringSummer of '69
69%
The loser's standing smallThe Winner Takes It All
35%
For forty days and forty nightsBillie Jean
19%
And hide her away from the rest o' the worldGirls Just Want To Have Fun
18%
I said somebody's got to take care of himFast Car
15%
But maybe someday when my ship comes inUptown Girl
14%
Out on the street, the traffic starts jumping9 to 5
13%
Ah come on let's, take off everythingCome On Eileen
9%
I fall in love whenever we meetHow Will I Know
6%
Won't it be strange when we're all fully grown?Disco 2000
5%
Oh, when that love comes down without devotionFaith
5%
I'll shake this world off my shouldersDancing In The Dark
1%
You can shoot me straight to the topFame
1%
Listen to the words that you sayOnly You
0%

Score Distribution

Percentile by Number Answered

Percent of People with Each Score

Your Score History

You have not taken this quiz